| 000 | 01756nam a2200241 a 4500 | ||
|---|---|---|---|
| 001 | 000048800 | ||
| 005 | 20201002061422.0 | ||
| 008 | 190412s2015 dr ac 000 0 spa d | ||
| 020 | _a9781499372526 | ||
| 040 |
_aDO-SdBNP _bspa _cBNPHU |
||
| 082 |
_axxxx _bD542S |
||
| 100 | 1 |
_aDíaz Jáquez, Leonardo _976253 |
|
| 245 | 1 | 4 |
_aLos Saint-Hilaire : _bde Francia a la línea noroeste / _cLeonardo Díaz Jáquez ; prólogo Julio Gónzalez. |
| 260 |
_aSanto Domingo : _bInstituto Dominicano de Genealogía, _c2015. |
||
| 300 |
_a301 p. : _bil., retrs. ; _c28 cm. |
||
| 490 | 1 |
_aHistoria Familiar _v11 |
|
| 500 | _aÍndice onomástico | ||
| 504 | _aBibliografía : p. 269-270 | ||
| 505 | 0 |
_aA la memoria -- _tDedicatorias -- _tPrólogo -- _tPrimera Parte: El Apellido Saint-Hilaire En Francia _tAgradecimientos -- _tIntroducción -- _tToponimia y genealogía -- _tEthiene Geoffroy Saint-Hilaire -- _tIsidore Geoffroy Saint-Hilaire -- _tAugustín Françoise César Prouvençal Saint-Hilaire -- _tLouis-Charles-Vincent Le Blond de Saint -Hilaire -- _tSegunda Parte: El Apellido Saint-Hilaire En St. Domingue Y Sto. Dgo. -- _tSaint Domingue y los apellidos dominicanos de origen francés -- _tEl apellido Saint-Hilaire en la colonia francesa de Saint Domingue -- _tEl apellido Saint-Hilaire en Samaná y Puerto Plata -- _tSaint-Hilaire en Sabaneta o Santiago Rodríguez -- _tDesarrollo de los Saint-Hilaire de Santiago Rodríguez -- _gAnexos _tA: Grafícas del apellido Saint*Hilaire -- _tB: Cómo leer e interpretar el reporte genealógico -- _tC: Traducción términos en inglés -- _tDescendientes de Francisco Saint-Hilaire. Reporte de geneología --. |
|
| 590 | _aInventariado, 2019/LP | ||
| 700 | 1 |
_aGónzalez, Julio, _epról. _922913 |
|
| 830 | 0 |
_aHistoria Familiar; _n11 _976254 |
|
| 999 |
_c48288 _d48288 |
||